000 00346nam a22001337a 4500
020 _qPB.
040 _cFIZZA ISHAQ
082 _a006.338
_bVAL
245 _aPARALLEL OBJECT ORIENTED AND ACTIVE KNOWLEDGE BASED SYSTEM /
_cLOANNIS VLAHAVAS.
250 _a1st ED.
260 _aLONDON ;
_bSPRINGER,
_c1998.
300 _a152 P. ;
942 _2ddc
_cBK
999 _c589822
_d589822